Diseño de sistemas fotovoltaicos basados en estudios de sitio
Bewaard in:
| Hoofdauteur: | |
|---|---|
| Andere auteurs: | |
| Formaat: | Boek |
| Taal: | Spanish |
| Gepubliceerd in: |
[San José, Costa Rica]
2021
|
| Onderwerpen: | |
| Online toegang: | https://cedi.ucr.ac.cr/electrica/diseno-de-sistemas-fotovoltaicos-basados-en-estudios-de-sitio/ |
| Tags: |
Voeg label toe
Geen labels, Wees de eerste die dit record labelt!
|
MARC
| LEADER | 00000nam a2200000Ia 4500 | ||
|---|---|---|---|
| 003 | 013296 | ||
| 005 | 20230516135506.0 | ||
| 008 | 140114s2021 cr a 000 ||spa d | ||
| 040 | |c cru CEDI | ||
| 100 | |a Alpízar Gutiérrez, Verónica, 1997- |9 344 | ||
| 245 | |a Diseño de sistemas fotovoltaicos basados en estudios de sitio | ||
| 260 | |a [San José, Costa Rica] |c 2021 | ||
| 500 | |a Tesis de graduación (licenciado en ingeniería eléctrica)--Universidad de Costa Rica. Facultad de Ingeniería. Escuela de Ingeniería Eléctrica | ||
| 501 | |a Director de Tesis de Graduación: Dr. Ing. Víctor Vega Garita | ||
| 650 | |x PANELES SOLARES |x ENERGIA ELECTRICA |x PROCESAMIENTO DIGITAL DE IMAGENES |x ENERGIA SOLAR |x GENERACION DE ENERGIA FOTOVOLTAICA - SAN PEDRO (MONTES DE OCA, SAN JOSE, COSTA RICA) - MODELOS MATEMATICOS |x MATLAB (PROGRAMAS PARA COMPUTADORA) |x RADIACION SOLAR |x ELECTRONICA DE POTENCIA | ||
| 700 | |9 328 |a Vega Garita, Víctor Ernesto, 1986- |d Director del TFG | ||
| 856 | |u https://cedi.ucr.ac.cr/electrica/diseno-de-sistemas-fotovoltaicos-basados-en-estudios-de-sitio/ |y https://cedi.ucr.ac.cr/electrica/diseno-de-sistemas-fotovoltaicos-basados-en-estudios-de-sitio/ | ||
| 942 | |c CEDI |2 ddc | ||
| 999 | |c 12883 |d 12883 | ||
